Music Quiz

Random Music or Album Quiz

Albums in Lyrics Quiz Stats

Quiz not verified by Sporcle

Also try: 'Girl' Song Titles
Challenge
Share
Tweet
Embed
Score 0/20 Timer 10:00
0 Plays Today
Lyrics Album Title % Correct
I found it hard, it was hard to find, oh well, whatever, _________Nevermind
66.7%
I've been waiting, ___ a girl like you, to come into my life4
58.7%
She ____s to touch me (Woah), She ____s to love me (Woah), She'll never leave me (Woah, woah, oh, oh)Want
46%
Well, we were just another band out of ______, on the road to try to make ends meet.Boston
44.4%
Love, I get __ lost, sometimes...So
41.3%
'Cause id'a killed 'em, s*** I would have shot Kim and him both. it's my life, i'd like to welcome y'all to ___ ______ ____...The Eminem Show
38.1%
Rock on! (rock on!) Drive me crazier, no serenade, no fire brigade, just _________!Pyromania
33.3%
2-0-0-0 Will 2k. The new millennium, yo excuse me, __________Willennium
33.3%
But I learned how to swim, and I learned who I was. _ ___ _____ _____, ___ _ ______ ____ ____.A Lot About Livin' (And a Little 'Bout Love)
27%
Down on the corner, out in the street, _____ ___ ___ ____ ____ are playin', bring a nickel; tap your feet.Willy and the Poor Boys
25.4%
Lyrics Album Title % Correct
__ ___ _______ I rock a mic like a vandal, Light up a stage and wax a chump like a candle.To the Extreme
23.8%
Look at them go, look at them ____. Makes you wonder how the other half liveKick
22.2%
The crème de la crème of the _____ world, in a show with everything but Yul BrynnerChess
19%
____ ____ __ ___ ______, sinking in your fight. Too many runaways eating up the nightKnee Deep in the Hoopla
15.9%
If I ever start to think straight, this heart will start a ____ in me. Let's start, start, hey!Riot!
15.9%
This shining city bulit of gold, a far cry from innocence. There's more than meets the eye 'round here, looked in the waters of the deep. A ____ __ ____.City of Evil
14.3%
Another truth you can never _______ has crippled you completelyBelieve
14.3%
Bitter and dumb, you're my sugarplum. _____ _____, _ ____ ___...You're Awful, I Love You
14.3%
________, you insist to pull me down. You contradict the fact that you still want me aroundCatalyst
12.7%
She fills my bed with ________, you think I woulda noticed.Gasoline
1.6%

You're not logged in!

Compare scores with friends on all Sporcle quizzes.
Sign Up with Email
OR
Log In

You Might Also Like...

Show Comments

Extras

Top Quizzes Today


Score Distribution

Your Account Isn't Verified!

In order to create a playlist on Sporcle, you need to verify the email address you used during registration. Go to your Sporcle Settings to finish the process.

Report this User

Report this user for behavior that violates our Community Guidelines.

Details: